00388 2200145 4500001002100000008004100021035002000062245004100082100001900123260003100142300002000173082001200193650002400205990001300229INLIS000000000000642 ind  a0010-0322000642 aUTSMAN BIN AFFAN SANG DERMAWANcIKHA aGIBRAN MAULANA aSURABAYAbCV CAHAYA AGENCY a32 hlm.c27 cm. a297.923 aUSMAN BIN AFFAN R.A a102874-1